000 00634nam a2200241 i 4500
001 92578
003 ES-MaACL
005 20230906181014.0
007 t|
008 050404s1992 xxk |||| | eng d
020 _a0-340-27637-1
080 _a809.635.4
100 1 _aPerrott, D. V.
_991378
245 1 0 _aSwahili /
_cD.V. Perrot.
250 _a4ยช ed.
260 _a[S.l.] :
_bHodder and Stoughton,
_c1992.
300 _aVII, 194, 30 p. ;
_c20 cm.
490 1 _aTeach yourself books
650 1 4 _aLengua swahili.
_914325
830 0 _aTeach yourself books
_9184373
852 _aES-MaACL
_jE-10922
999 _c92578
_d92578